| 000 | 00377nam a22001337a 4500 | ||
|---|---|---|---|
| 008 | 230606b xxu||||| |||| 00| 0 eng d | ||
| 020 | _a97899660210405 | ||
| 082 | _a341.249 | ||
| 245 |
_aKonrad Adenauer Stiftung _bAfrican Law Study Library |
||
| 260 |
_aNairobi,Kenya _bRule of Law Program for Sub-Saharan Africa _cJuly,2010 |
||
| 300 | _aI,47p | ||
| 440 | _v4 | ||
| 942 |
_2ddc _cBK |
||
| 999 |
_c510 _d510 |
||